000 nam a22 7a 4500
999 _c8176
_d8176
008 171205b xxu||||| |||| 00| 0 eng d
100 _aVennard William
_94609
245 _aSinging the Mechanism and the Technic
260 _aLos Angels
_c1962